Quels sports pratiquent ces athlètes français aux JO 2024 ? - Statistiques

Statistiques générales
  • Ce quiz a été pris 335 fois
  • Le résultat moyen est 17 sur 20
Statistiques - réponses
Par images Hint Réponse % Correct
Victor Wembanyama Basketball
100%
Nikola Karabatic Handball
100%
Gaël Monfils Tennis
100%
Félix Lebrun Tennis de Table
100%
Clarisse Agbegnenou Judo
99%
Léon Marchand Natation
99%
Alexandre Lacazette Football
98%
Antoine Dupont Rugby à 7
98%
Ysaora Thibus Escrime
97%
Pauline Ferrand Prévot VTT
96%
Lisa Barbelin Tir à l'arc
94%
Samir Aït Saïd Gymnastique Artistique
92%
Julian Alaphilippe Cyclisme sur Route
88%
Mathilde Gros Cyclisme sur Piste
85%
Charline Picon Voile
84%
Matthieu Androdias Aviron
80%
Estelle Mossely Boxe
70%
Kevin Mayer Athlétisme
69%
Jean Quiquampoix Tir
40%
Althéa Laurin Taekwondo
32%
Aucun quiz correspondant
Distribution des résultats
% des personnes avec chaque résultat
Percentile par nombre de réponses
Votre historique - résultats
Vous n’avez pas pris ce quiz